| 000 | 00922nam a2200253Ia 4500 | ||
|---|---|---|---|
| 003 | OSt | ||
| 005 | 20220918171601.0 | ||
| 006 | a|||||r|||| 00| 0 | ||
| 007 | ta | ||
| 008 | 220917b |||||||| |||| 00| 0 eng d | ||
| 020 |
_a9783030535131 _cEURO 44.99 |
||
| 024 | _a354,667 | ||
| 037 |
_b27, 17/12/2021, Excel Book International _cTextual |
||
| 040 |
_aARTS _cARTS _beng |
||
| 041 |
_2eng _aeng |
||
| 082 | _aT(Q8441)v243, R0 | ||
| 100 |
_aBrunner Michael Philipp Au. _937451 |
||
| 245 | 0 |
_aEducation and modernity in colonial Punjab _b Khalsa college the sikh tradition and the webs of knowledge 1880-1947 |
|
| 260 |
_aCham _bPalgrave Macmillan Switzerland _c2020 |
||
| 300 |
_axv,279p. _ccm. |
||
| 650 |
_aEDUCATION; PUNJAB - HISTORY; SIKHISM _937452 |
||
| 942 |
_hT(Q8441)v243, R0 _cTEXL _2CC |
||
| 999 |
_c140259 _d140259 |
||